[Event "Tromsoe Midnight Sun GP A"]
[Site "Tromsoe"]
[Date "2013.05.31"]
[Round "3"]
[White "Roksvold, Jan"]
[Black "Jacobsen, Elise Sjottem"]
[Result "1-0"]
[WhiteElo "1671"]
[BlackElo "1447"]
[PlyCount "83"]
[EventDate "2013.05.31"]
[EventType "swiss"]
[EventRounds "5"]
[EventCountry "NOR"]
[SourceTitle "EXT 2024"]
[Source "ChessBase"]
[SourceDate "2023.10.10"]
[SourceVersion "1"]
[SourceVersionDate "2023.10.10"]
[SourceQuality "1"]

1. e4 c5 2. d4 cxd4 3. c3 d3 4. c4 g6 5. Bxd3 Bg7 6. Nf3 d6 7. h3 Nf6 8. 0-0 0-0 9. Nc3 Nbd7 10. Bg5 Nc5 11. Bc2 a5 12. Rc1 Be6 13. Qe2 Rc8 14. Rfd1 Nfd7 15. Bb1 h6 16. Be3 Nb6 17. b3 a4 18. Nd2 axb3 19. axb3 Nxb3 20. Nxb3 Bxc4 21. Qa2 Ra8 22. Qc2 Rc8 23. Nd4 e5 24. Nde2 Bb5 25. Qb2 Nc4 26. Qxb5 Nxe3 27. fxe3 Qg5 28. Nd5 Ra8 29. Rc7 Qh5 30. Nec3 Qg5 31. Rf1 Rae8 32. Ba2 Re6 33. Qd7 Qd8 34. Ne7+ Kh8 35. Bxe6 Qxd7 36. Rxd7 Kh7 37. Bxf7 Ra8 38. Bxg6+ Kh8 39. Rf7 Ra1+ 40. Kh2 Ra3 41. Rd8+ Bf8 42. Rh7# 1-0